<?xml version="1.0" encoding="UTF-8"?><?xml-stylesheet type="text/xsl" href="static/style.xsl"?><OAI-PMH xmlns="http://www.openarchives.org/OAI/2.0/" xmlns:xsi="http://www.w3.org/2001/XMLSchema-instance" xsi:schemaLocation="http://www.openarchives.org/OAI/2.0/ http://www.openarchives.org/OAI/2.0/OAI-PMH.xsd"><responseDate>2026-04-13T15:05:18Z</responseDate><request verb="GetRecord" identifier="oai:www.recercat.cat:10459.1/84226" metadataPrefix="marc">https://recercat.cat/oai/request</request><GetRecord><record><header><identifier>oai:recercat.cat:10459.1/84226</identifier><datestamp>2024-12-05T21:57:40Z</datestamp><setSpec>com_2072_3622</setSpec><setSpec>col_2072_479130</setSpec></header><metadata><record xmlns="http://www.loc.gov/MARC21/slim" xmlns:dcterms="http://purl.org/dc/terms/" xmlns:xsi="http://www.w3.org/2001/XMLSchema-instance" xmlns:doc="http://www.lyncode.com/xoai" xsi:schemaLocation="http://www.loc.gov/MARC21/slim http://www.loc.gov/standards/marcxml/schema/MARC21slim.xsd">
   <leader>00925njm 22002777a 4500</leader>
   <datafield ind2=" " ind1=" " tag="042">
      <subfield code="a">dc</subfield>
   </datafield>
   <datafield ind2=" " ind1=" " tag="720">
      <subfield code="a">Amofah, Kwaku</subfield>
      <subfield code="e">author</subfield>
   </datafield>
   <datafield ind2=" " ind1=" " tag="720">
      <subfield code="a">Saladrigues Solé, Ramon</subfield>
      <subfield code="e">author</subfield>
   </datafield>
   <datafield ind2=" " ind1=" " tag="260">
      <subfield code="c">2022-11-15T10:01:04Z</subfield>
   </datafield>
   <datafield ind2=" " ind1=" " tag="260">
      <subfield code="c">2022-11-15T10:01:04Z</subfield>
   </datafield>
   <datafield ind2=" " ind1=" " tag="260">
      <subfield code="c">2022</subfield>
   </datafield>
   <datafield ind2=" " ind1=" " tag="520">
      <subfield code="a">In this paper, we investigate entrepreneurial intention by applying the Theory of&#xd;
Planned Behaviour (TPB) by Ajzen (1991). We specifcally examine the role of gender&#xd;
on entrepreneurial education and role models or parental self-employment (PSE), by&#xd;
carrying out a multi-group analysis (MGA). We used a web-based questionnaire to collect information from 216 students at a Spanish university. Data are analysed with the&#xd;
help of Structural Equation Modelling (SEM)–Partial Least Square (PLS). We conducted a&#xd;
tripartite analysis on Complete, Male, and Female Models. Regarding the Complete and&#xd;
Male Models, all the primary hypotheses (5 in total) were accepted, compared with four&#xd;
for the Female Model. In this study, the primary hypotheses focus on the core variables&#xd;
of the TPB. We recommend the institutionalization of traineeship, elective courses,&#xd;
conference and workshops on entrepreneurship to boost the entrepreneurial spirit&#xd;
of students. Though this study has confrmed the applicability of the TPB model to&#xd;
entrepreneurial intention, we did not fnd a signifcant relationship between Males and&#xd;
Females about their entrepreneurial intentions for some relationships. However, this&#xd;
study suggests that the relationship between PSE and perceived behavioural control&#xd;
(PBC) is stronger for Males than Females Our results have implications for entrepreneurship education scholars, program evaluators, and policymakers.</subfield>
   </datafield>
   <datafield ind1="8" ind2=" " tag="024">
      <subfield code="a">http://hdl.handle.net/10459.1/84226</subfield>
   </datafield>
   <datafield tag="653" ind2=" " ind1=" ">
      <subfield code="a">Theory of Planned Behaviour (TPB)</subfield>
   </datafield>
   <datafield tag="653" ind2=" " ind1=" ">
      <subfield code="a">Entrepreneurial intention</subfield>
   </datafield>
   <datafield tag="653" ind2=" " ind1=" ">
      <subfield code="a">Students</subfield>
   </datafield>
   <datafield tag="653" ind2=" " ind1=" ">
      <subfield code="a">Parental self-employment (PSE)</subfield>
   </datafield>
   <datafield ind2="0" ind1="0" tag="245">
      <subfield code="a">Impact of attitude towards entrepreneurship education and role models on entrepreneurial intention</subfield>
   </datafield>
</record></metadata></record></GetRecord></OAI-PMH>